Análise no espaço Rn /

Guardado en:
Autor Principal: Lima, Elon Lages, 1929-
Autor Corporativo: Colóquio Brasileiro de Matemática
Formato: Libro
Idioma:Portuguese
Publicado: Brasília : São Paulo : Editôra Universidade de Brasília ; Edgard Blücher, c1970.
Materias:
Etiquetas: Agregar Etiqueta
Sin Etiquetas, Sea el primero en etiquetar este registro!
LEADER 00837cam a22002055a 4500
001 MAT.inmabb002991
008 821208s1970####bl############000#0#por##
005 20130207170950.0
245 1 0 |a Análise no espaço Rn /  |c Elon Lages Lima. 
260 |a Brasília :  |b Editôra Universidade de Brasília ;  |a São Paulo :  |b Edgard Blücher,  |c c1970. 
300 |a 97 p. ;  |c 23 cm. 
500 |a "Reproduz as lições que proferimos durante o Sétimo Colóquio Brasileiro de Matemática, em Poços de Caldas, julho de 1969"--Prefácio. 
100 1 |a Lima, Elon Lages,  |d 1929- 
711 2 |a Colóquio Brasileiro de Matemática  |n (7º :  |d 1969 :  |c Poços de Caldas) 
650 0 |a Functions of real variables. 
650 0 |a Function spaces. 
084 |a 26-01  |2 msc2000 
010 |a  70268951  
040 |a DLC  |c CarP  |d DLC 
859 |h 26  |i L732  |p A-5556  |b BIB. MATEMATICA